000 00486nam a2200133Ia 4500
008 100415s9999 xx 000 0 und d
082 _b19023
245 _aBulletin of the Botanical Survey of India: 006286 - vol.1, 1959: - vol.30-32, 1990
260 _c0
365 _b0
630 _aBulletin of the Botanical Survey of India: 006286 - vol.1, 1959: - vol.30-32, 1990
730 _aBulletin of the Botanical Survey of India: 006286 - vol.1, 1959: - vol.30-32, 1990
942 _cBOOK
999 _c601920
_d601917